ব্যবহারিক পদার্থবিজ্ঞান / (Record no. 71070)
[ view plain ]
| 000 -LEADER | |
|---|---|
| fixed length control field | 01037nam a2200253 a 4500 |
| 001 - CONTROL NUMBER | |
| control field | 71070 |
| 003 - CONTROL NUMBER IDENTIFIER | |
| rucl marc code | BD-RjUL |
| 005 - DATE AND TIME OF LATEST TRANSACTION | |
| control field | 20211209082056.0 |
| 008 - FIXED-LENGTH DATA ELEMENTS--GENERAL INFORMATION | |
| fixed length control field | 170424s1982 bg a|||| ||| 000 0 ben d |
| 020 ## - INTERNATIONAL STANDARD BOOK NUMBER | |
| Terms of availability | : Tk 50.00 |
| 035 ## - SYSTEM CONTROL NUMBER | |
| System control number | (BD-RjUL)71285 |
| 040 ## - CATALOGING SOURCE | |
| Original cataloging agency | BD-RjUL |
| Language of cataloging | ben |
| Transcribing agency | BD-RjUL |
| 041 ## - LANGUAGE CODE | |
| Language code of text/sound track or separate title | ben |
| 082 ## - DEWEY DECIMAL CLASSIFICATION NUMBER | |
| Edition number | 23 |
| Classification number | 530.28 |
| Author mark and year | CHB 1982 |
| 100 10 - MAIN ENTRY--PERSONAL NAME | |
| Personal name | চৌধুরী, আরিফ |
| 9 (RLIN) | 136271 |
| 245 10 - TITLE STATEMENT | |
| Title | ব্যবহারিক পদার্থবিজ্ঞান / |
| Statement of responsibility, etc. | আরিফ চৌধুরী এবং হোসনে আরা বেগম |
| 250 ## - EDITION STATEMENT | |
| Edition statement | ২য় পরিবর্ধিত ও পরিমার্জিত সংস্করণ |
| 260 ## - PUBLICATION, DISTRIBUTION, ETC. (IMPRINT) | |
| Place of publication, distribution, etc. | ঢাকা : |
| Name of publisher, distributor, etc. | মল্লিক বাদার্স ; |
| Date of publication, distribution, etc. | ১৯৮২ |
| 300 ## - PHYSICAL DESCRIPTION | |
| Pagination | ৫৪০ পৃ. : |
| Illustrations | চিত্র ; |
| Size | ২১ সেমি. |
| 650 ## - SUBJECT ADDED ENTRY--TOPICAL TERM | |
| Topical term or geographic name as entry element | পদার্থ বিজ্ঞান |
| 9 (RLIN) | 123216 |
| Topical term or geographic name as entry element | Physics |
| 9 (RLIN) | 136272 |
| Form subdivision | Laboratory manuals. |
| 700 ## - ADDED ENTRY--PERSONAL NAME | |
| Personal name | বেগম, হোসনে আরা |
| 942 ## - ADDED ENTRY ELEMENTS (KOHA) | |
| Source of classification or shelving scheme | Dewey Decimal Classification |
| Koha item type | Books |
| Lost status | Source of classification or shelving scheme | Damaged status | Not for loan | Collection code | Permanent Location | Current Location | Shelving location | Date acquired | Source of acquisition | Cost, normal purchase price | Total Checkouts | Full call number | Date last seen | Copy number | Koha item type |
|---|---|---|---|---|---|---|---|---|---|---|---|---|---|---|---|
| Dewey Decimal Classification | Not For Loan | Non-fiction | Central Library, University of Rajshahi | Central Library, University of Rajshahi | Reading Room | 08/05/1984 | Imperial books, Rajshahi | 50.00 | B 530.28 CHB 1982 | 24/04/2017 | C-1 | Books |